<?xml version="1.0" encoding="UTF-8"?>
<record
    xmlns:xsi="http://www.w3.org/2001/XMLSchema-instance"
    xsi:schemaLocation="http://www.loc.gov/MARC21/slim http://www.loc.gov/standards/marcxml/schema/MARC21slim.xsd"
    xmlns="http://www.loc.gov/MARC21/slim">

  <leader>01297nam a2200313Ii 4500</leader>
  <controlfield tag="001">26730975</controlfield>
  <controlfield tag="003">OCoLC</controlfield>
  <controlfield tag="005">20241025065447.0</controlfield>
  <controlfield tag="008">921006r19821961miuab    b    001 0 eng d</controlfield>
  <datafield tag="020" ind1=" " ind2=" ">
    <subfield code="a">0802832512</subfield>
  </datafield>
  <datafield tag="040" ind1=" " ind2=" ">
    <subfield code="a">LBB</subfield>
    <subfield code="b">eng</subfield>
    <subfield code="e">rda</subfield>
    <subfield code="c">LBB</subfield>
  </datafield>
  <datafield tag="050" ind1=" " ind2=" ">
    <subfield code="a">REF 225.61 T298N</subfield>
  </datafield>
  <datafield tag="082" ind1=" " ind2=" ">
    <subfield code="a">REF 225.61 T298N</subfield>
  </datafield>
  <datafield tag="092" ind1=" " ind2=" ">
    <subfield code="a">REF 225.61 T298N</subfield>
    <subfield code="b">T25n, 1961</subfield>
  </datafield>
  <datafield tag="100" ind1="1" ind2=" ">
    <subfield code="a">Tenney, Merrill C.</subfield>
    <subfield code="q">(Merrill Chapin),</subfield>
    <subfield code="d">1904-1985.</subfield>
    <subfield code="0">https://id.loc.gov/authorities/names/n79066582</subfield>
    <subfield code="9">282</subfield>
  </datafield>
  <datafield tag="245" ind1="1" ind2="0">
    <subfield code="a">New Testament survey /</subfield>
    <subfield code="c">by Merrill C. Tenney.</subfield>
  </datafield>
  <datafield tag="250" ind1=" " ind2=" ">
    <subfield code="a">Revised edition.</subfield>
  </datafield>
  <datafield tag="264" ind1=" " ind2="1">
    <subfield code="a">Grand Rapids, Mich. :</subfield>
    <subfield code="b">Eerdmans,</subfield>
    <subfield code="c">1982.</subfield>
  </datafield>
  <datafield tag="264" ind1=" " ind2="4">
    <subfield code="c">&#xA9;1961</subfield>
  </datafield>
  <datafield tag="300" ind1=" " ind2=" ">
    <subfield code="a">xx, 465 pages :</subfield>
    <subfield code="b">illustrations, maps ;</subfield>
    <subfield code="c">24 cm</subfield>
  </datafield>
  <datafield tag="336" ind1=" " ind2=" ">
    <subfield code="a">text</subfield>
    <subfield code="b">txt</subfield>
    <subfield code="2">rdacontent</subfield>
  </datafield>
  <datafield tag="337" ind1=" " ind2=" ">
    <subfield code="a">unmediated</subfield>
    <subfield code="b">n</subfield>
    <subfield code="2">rdamedia</subfield>
  </datafield>
  <datafield tag="338" ind1=" " ind2=" ">
    <subfield code="a">volume</subfield>
    <subfield code="b">nc</subfield>
    <subfield code="2">rdacarrier</subfield>
  </datafield>
  <datafield tag="500" ind1=" " ind2=" ">
    <subfield code="a">Maps on lining papers.</subfield>
  </datafield>
  <datafield tag="504" ind1=" " ind2=" ">
    <subfield code="a">Includes bibliographical references (p. 433-453) and indexes.</subfield>
  </datafield>
  <datafield tag="630" ind1="0" ind2="0">
    <subfield code="a">Bible.</subfield>
    <subfield code="p">New Testament</subfield>
    <subfield code="0">https://id.loc.gov/authorities/names/n79023150</subfield>
    <subfield code="v">Introductions.</subfield>
    <subfield code="0">https://id.loc.gov/authorities/subjects/sh99001683</subfield>
    <subfield code="9">238</subfield>
  </datafield>
  <datafield tag="630" ind1="0" ind2="0">
    <subfield code="a">Bible.</subfield>
    <subfield code="p">New Testament</subfield>
    <subfield code="0">https://id.loc.gov/authorities/names/n79023150</subfield>
    <subfield code="x">History of contemporary events.</subfield>
    <subfield code="0">https://id.loc.gov/authorities/subjects/sh00006054</subfield>
    <subfield code="9">283</subfield>
  </datafield>
  <datafield tag="942" ind1=" " ind2=" ">
    <subfield code="2">ddc</subfield>
    <subfield code="c">BK</subfield>
  </datafield>
  <datafield tag="999" ind1=" " ind2=" ">
    <subfield code="c">11203</subfield>
    <subfield code="d">11203</subfield>
  </datafield>
  <datafield tag="952" ind1=" " ind2=" ">
    <subfield code="0">0</subfield>
    <subfield code="1">0</subfield>
    <subfield code="2">ddc</subfield>
    <subfield code="4">0</subfield>
    <subfield code="7">0</subfield>
    <subfield code="8">REF</subfield>
    <subfield code="a">HMC</subfield>
    <subfield code="b">HMC</subfield>
    <subfield code="c">REF</subfield>
    <subfield code="d">2024-10-25</subfield>
    <subfield code="l">0</subfield>
    <subfield code="o">REF 225.61 T298N</subfield>
    <subfield code="p">013206</subfield>
    <subfield code="r">2024-10-25 06:56:08</subfield>
    <subfield code="w">2024-10-25</subfield>
    <subfield code="y">REF</subfield>
  </datafield>
</record>
